THE CONCEPT OF VALUE-BASED EDUCATION AND TRAINING OF THE TEACHERS (Record no. 8482)

MARC details
000 -LEADER
fixed length control field 00403nam a22001457a 4500
005 - DATE AND TIME OF LATEST TRANSACTION
control field 20240118121701.0
008 - FIXED-LENGTH DATA ELEMENTS--GENERAL INFORMATION
fixed length control field 240118b |||||||| |||| 00| 0 eng d
041 ## - LANGUAGE CODE
Language code of text/sound track or separate title eng
100 ## - MAIN ENTRY--AUTHOR NAME
Personal name PANKAJ, A.P.N
245 ## - TITLE STATEMENT
Title THE CONCEPT OF VALUE-BASED EDUCATION AND TRAINING OF THE TEACHERS
260 ## - PUBLICATION, DISTRIBUTION, ETC. (IMPRINT)
Place of publication NEW DELHI
Name of publisher SHIKSHA SANSKRITI UTTHAN NYAS
300 ## - PHYSICAL DESCRIPTION
Number of Pages 36;P
650 ## - SUBJECT ADDED ENTRY--TOPICAL TERM
Topical Term LIFE SKILL
942 ## - ADDED ENTRY ELEMENTS (KOHA)
Koha item type Books
Holdings
Lost status Damaged status Collection code Home library Current library Shelving location Date acquired Source of acquisition Cost, normal purchase price Accession Number Koha item type
    LIFE SKILL JRU Library JRU Library SHELF-43-B 17/01/2024 PURCHASE [57/2023-24] 25.00 28171 Books
    LIFE SKILL JRU Library JRU Library SHELF-43-B 17/01/2024 PURCHASE [57/2023-24] 25.00 28172 Books
    LIFE SKILL JRU Library JRU Library SHELF-43-B 17/01/2024 PURCHASE [57/2023-24] 25.00 28173 Books